000 00263nam a2200109Ia 4500
999 _c9820
_d9820
020 _a978-0072478655
100 _aMeigs and Meigs
245 0 _aAccounting the Basic for Business Decisions
260 _aNew York
_bMcGraw Hill
_c2013
300 _a154
942 _cBK